Представление документа в формате MARC21

Поле Инд. ПП Название Значение
Тип записи a
Библиографический уровень m
001 Контрольный номер e017ab05-5ec5-4251-b3b3-f9b46c2a7e7f
005 Дата корректировки 20131112095538.2
008 Кодируемые данные 030522
040 a Служба первич. каталог. НБ ТвГУ
041 a Код языка текста ger
080 a Индекс УДК 830
a Индекс УДК 830-31
084 a Индекс другой классификации/Индекс ББК Ш6(4ГЕМ)52я44
a Индекс другой классификации/Индекс ББК Ш6(4ГЕМ)52-44
090 x Авторский знак G58
a Полочн. индекс Нем
100 1_ a Автор Goethe Johann Wolfgang
245 10 a Заглавие Goethes saemmtliche Werke
n Номер части/ раздела Bd. 20, Buch 7-8
p Название части/ раздела Wilhelm Meisters Wanderjahre, 1. u. 2. Buch
b Продолж. заглавия In 45 Baenden
260 0_ a Место издания Leipzig
b Издательство Druck und Verlag von Philipp Reclam jun.
c Дата издания [18--]
300 a Объем [1],200 S.
500 a Примечание Приплетено к: Goethes saemmtliche Werke. Bd. 17.
583 k Исполнитель действия Тверской педагогический институт (с 1971 г. университет)
653 a Ключевые слова Художественная
852 t Порядковый номер экземпляра 1
930 a Новая/Ретро нем
a Новая/Ретро иностр
a Новая/Ретро художественная
954 a Дата поступления на обработку 20030530
999 a Подразделение 2 ОРК